01489nam a2200337Ia 4500001001200000003000800012006001900020007001500039008004100054020001800095020001800113040002100131035002100152050002700173245012600200246004200326260005300368300002500421490007100446500006900517504005100586533015200637650004500789650004500834655002900879700002300908710001700931830006000948856012601008999001701134ebr10667651CaPaEBRm u cr cn|||||||||130401s2013 ne a sb 101 0 eng d z9781614992097 z9781614992080 aCaPaEBRcCaPaEBR a(OCoLC)82855929714aR859.7.C67bM43 2013eb00aMedicine Meets Virtual Reality 20h[electronic resource] :bNextmed / MMVR20 /cedited by James D. Westwood ... [et al.].3 aMedicine Meets Virtual Reality twenty aAmsterdam ;aWashington, DC :bIOS Press,c2013. axxix, 488 p. :bill.1 aStudies in health technology and informatics,x0926-9630 ;vv. 184 aProceedings of the conference Medicine Meets Virtual Reality 20. aIncludes bibliographical references and index. aElectronic reproduction.bPalo Alto, Calif. :cebrary,d2013.nAvailable via World Wide Web.nAccess may be limited to ebrary affiliated libraries. 0aComputer vision in medicinevCongresses. 0aVirtual reality in medicinevCongresses. 7aElectronic books.2local1 aWestwood, James D.2 aebrary, Inc. 0aStudies in health technology and informatics ;vv. 184.40uhttp://site.ebrary.com/lib/rucke/Doc?id=10667651zAn electronic book accessible through the World Wide Web; click to view c61390d61390